| Tag |
First Indicator |
Second Indicator |
Subfields |
| LEADER |
00000cam a2200000 a 4500 |
| 001 |
in00001313639 |
| 005 |
20151005064050.0 |
| 008 |
951012s1996 mnu b 001 0 eng |
| 010 |
|
|
|a 95043457
|
| 020 |
|
|
|a 0800628896 (pbk. : alk. paper)
|
| 035 |
|
|
|a (OCoLC)33359991
|
| 035 |
|
|
|9 AHC0876AM
|
| 040 |
|
|
|a DLC
|c DLC
|d TXA
|d UtOrBLW
|
| 049 |
|
|
|a TXAM
|
| 050 |
0 |
0 |
|a BS661
|b .O94 1996
|
| 082 |
0 |
0 |
|a 221.6/7
|2 20
|
| 100 |
1 |
|
|a Overholt, Thomas W.,
|d 1935-
|
| 245 |
1 |
0 |
|a Cultural anthropology and the Old Testament /
|c by Thomas Overholt.
|
| 264 |
|
1 |
|a Minneapolis :
|b Fortress Press,
|c [1996]
|
| 264 |
|
4 |
|c ©1996
|
| 300 |
|
|
|a ix, 116 pages ;
|c 22 cm.
|
| 336 |
|
|
|a text
|b txt
|2 rdacontent
|
| 337 |
|
|
|a unmediated
|b n
|2 rdamedia
|
| 338 |
|
|
|a volume
|b nc
|2 rdacarrier
|
| 490 |
1 |
|
|a Guides to biblical scholarship. Old Testament series
|
| 504 |
|
|
|a Includes bibliographical references (pages 101-110) and indexes.
|
| 630 |
0 |
0 |
|a Bible.
|p Old Testament
|x Criticism, interpretation, etc.
|
| 650 |
|
0 |
|a Ethnology in the Bible.
|
| 830 |
|
0 |
|a Guides to Biblical scholarship.
|p Old Testament series.
|
| 999 |
|
|
|a MARS
|
| 999 |
f |
f |
|s 59fadb76-886c-3920-9612-0f30846ff884
|i 30d70622-c75d-3f2d-a16d-9bdf27896efd
|t 0
|
| 952 |
f |
f |
|p ric
|a Texas A&M University
|b Rellis Campus
|c Joint Library Facility
|d Remote Storage
|t 0
|e BS661 .O94 1996
|h Library of Congress classification
|i unmediated -- volume
|m A14820300883
|
| 998 |
f |
f |
|a BS661 .O94 1996
|t 0
|l Remote Storage
|